| 000 | 01010cad a22002175a 4500 | ||
|---|---|---|---|
| 001 | L156928 | ||
| 008 | 120731s2012 xxkad f s 000 0 eng d | ||
| 035 | _a(Sirsi) u156928 | ||
| 041 | 0 | _aeng | |
| 110 | 2 |
_aRoyal Institution of Chartered Surveyors _bEconomics _95033 |
|
| 245 | 0 | 0 |
_aRICS UK commercial market survey _bQ4 2011 _h[electronic resource] |
| 260 |
_aLondon _bRICS _c2012 |
||
| 490 | 0 |
_aRICS Commercial Market Survey United Kingdom _vQ4 2011 |
|
| 520 | _aSentiment in the commercial market eases further. Weaker demand and rising availability leads to most negative rent expectations net balance since Q3 2009. Development starts fall further and surveyors expect investment transactions to slow significantly. | ||
| 590 | _aKA | ||
| 650 | 2 | 4 | _aRICS COMMERCIAL MARKET SURVEY |
| 651 | 4 | _aUnited Kingdom | |
| 690 |
_aCommercial property _96227 |
||
| 856 | 4 | 0 |
_uhttps://www.rics.org/site/download_feed.aspx?fileID=11118&fileExtension=PDF _zView the report free of charge at www.rics.org |
| 942 | _n0 | ||
| 999 |
_c114495 _d114495 |
||